000 00693nam a2200217 i 4500
001 33420
003 ES-MaACL
005 20260305063017.0
007 t|
008 030202s1916 fr ||||1| fre d
100 1 _aBinet, Alfred,
_d1857-1911
_928916
245 1 4 _aLes enfants anormaux /
_cpar Alfred Binet, Th. Simon ; avec un prèface de Leon Bourgeois.
250 _a[2eme ed.].
260 _aParís :
_bArmand Colin,
_c1916 (
_fA. Dersé)
300 _aXI, 211 p. ;
_c19 cm.
650 4 _aNiños con discapacidad mental-
_xEducación.
_9148837
700 1 _aSimon, Th.
_9106536
700 0 _aBourgeois, Léon.
_930985
852 _aES-MaACL
_jG-1826
999 _c33420
_d33420